[Event "Aragon-chT Preferente A"]
[Site "Aragon"]
[Date "2017.02.18"]
[Round "4.52"]
[White "Miranda Herrera, Jorge Manuel"]
[Black "Rodriguez Avellanas, Jose Manuel"]
[Result "1/2-1/2"]
[WhiteElo "1780"]
[BlackElo "1730"]
[PlyCount "140"]
[EventDate "2017.01.28"]
[EventType "team-tourn"]
[EventRounds "9"]
[EventCountry "ESP"]
[SourceTitle "EXT 2018"]
[Source "ChessBase"]
[SourceDate "2017.10.13"]
[SourceVersion "1"]
[SourceVersionDate "2017.10.13"]
[SourceQuality "1"]
[WhiteTeam "Monsalud"]
[BlackTeam "La Aurora Estadilla II"]
[WhiteTeamCountry "ESP"]
[BlackTeamCountry "ESP"]

1. e4 c6 2. d4 d5 3. e5 e6 4. Nf3 c5 5. c3 Nc6 6. g3 cxd4 7. cxd4 Bb4+ 8. Nc3 a6 9. Bg2 Nge7 10. 0-0 0-0 11. Qd3 Ng6 12. h4 f5 13. exf6 Qxf6 14. h5 Nge7 15. g4 h6 16. Re1 Bd6 17. g5 Qf5 18. Qxf5 Nxf5 19. Ne2 Nb4 20. Rd1 Bd7 21. a3 Ba4 22. Rd2 Nc2 23. Rb1 Bb3 24. gxh6 gxh6 25. Ne5 Bxe5 26. dxe5 Ba2 27. Nc3 Bxb1 28. Nxb1 Ncd4 29. Nc3 Nb3 30. Rd1 Nxc1 31. Rxc1 Rac8 32. Rd1 Rc4 33. Nxd5 Rd4 34. Nf6+ Kf7 35. Rc1 Rfd8 36. Rc7+ Ne7 37. Be4 Rxe4 38. Nxe4 Rd5 39. Nd6+ Kf8 40. f4 Nf5 41. Rxb7 Nxd6 42. exd6 Rxd6 43. Kf2 Rd5 44. Kf3 Rxh5 45. Rb6 Rh2 46. Rxe6 Rxb2 47. Rxa6 h5 48. f5 h4 49. Kg4 Rf2 50. Kg5 Kf7 51. Rh6 Rf3 52. a4 Rg3+ 53. Kf4 Ra3 54. Ra6 h3 55. Ke5 Re3+ 56. Kf4 Ra3 57. Kg5 Rg3+ 58. Kh4 Ra3 59. Ra7+ Kf6 60. Ra6+ Ke7 61. Rb6 h2 62. Rb1 Rxa4+ 63. Kg5 Ra2 64. Rb7+ Ke8 65. Rh7 Kf8 66. Kg6 Rg2+ 67. Kf6 Kg8 68. Rh4 Ra2 69. Ke7 Ra7+ 70. Kf6 Ra6+ 1/2-1/2

[Event "Huesca Province-ch"]
[Site "Sabinanigo"]
[Date "2016.11.12"]
[Round "5"]
[White "Rodriguez Avellanas, Jose Manuel"]
[Black "Mendoza Barcia, Pedro"]
[Result "1-0"]
[WhiteElo "1731"]
[BlackElo "1570"]
[PlyCount "96"]
[EventDate "2016.10.15"]
[EventType "swiss"]
[EventRounds "7"]
[EventCountry "ESP"]
[SourceTitle "EXT 2018"]
[Source "ChessBase"]
[SourceDate "2017.10.13"]
[SourceVersion "1"]
[SourceVersionDate "2017.10.13"]
[SourceQuality "1"]

1. c4 c5 2. Nc3 Nc6 3. g3 e6 4. Bg2 Nge7 5. d3 d5 6. e3 dxc4 7. dxc4 Qxd1+ 8. Kxd1 a6 9. a3 Bd7 10. b3 0-0-0 11. Kc2 Ng6 12. Bb2 Nce5 13. h3 Bc6 14. Bxc6 Nxc6 15. Nf3 f6 16. Rad1 Be7 17. g4 Nce5 18. Nxe5 Nxe5 19. Ne4 Nf7 20. Bc3 Kc7 21. f4 Rhg8 22. b4 cxb4 23. axb4 Rxd1 24. Rxd1 Rd8 25. Rxd8 Kxd8 26. Kb3 Kc7 27. c5 Kc6 28. Kc4 Bd8 29. Nd2 Bc7 30. Nb3 b5+ 31. cxb6 Nd6+ 32. Kd3 Bxb6 33. Bd4 Nc8 34. Bxb6 Nxb6 35. Nd4+ Kd6 36. f5 e5 37. Ne6 g6 38. fxg6 hxg6 39. Nc5 a5 40. Nb7+ Kc6 41. Nxa5+ Kb5 42. h4 Kxb4 43. Nc6+ Kc5 44. Ne7 Kd6 45. Nxg6 Ke6 46. Ke4 Kf7 47. h5 Kg7 48. Ne7 Nc4 1-0

[Event "Aragon-chT Preferente B"]
[Site "Aragon"]
[Date "2016.03.12"]
[Round "7.52"]
[White "Olivan Alvira, Alejandro"]
[Black "Rodriguez Avellanas, Jose Manuel"]
[Result "1/2-1/2"]
[WhiteElo "1529"]
[BlackElo "1784"]
[PlyCount "53"]
[EventDate "2016.01.30"]
[EventType "team-tourn"]
[EventRounds "9"]
[EventCountry "ESP"]
[SourceTitle "EXT 2018"]
[Source "ChessBase"]
[SourceDate "2017.10.13"]
[SourceVersion "1"]
[SourceVersionDate "2017.10.13"]
[SourceQuality "1"]
[WhiteTeam "Jaime Casas II"]
[BlackTeam "La Aurora Estadilla II"]
[WhiteTeamCountry "ESP"]
[BlackTeamCountry "ESP"]

1. c4 Nf6 2. Nc3 g6 3. e4 d6 4. d4 Bg7 5. Be2 0-0 6. Be3 Nbd7 7. Qd2 Re8 8. g4 Rf8 9. h4 e5 10. d5 Nc5 11. f3 h5 12. Bg5 hxg4 13. Bxf6 Bxf6 14. Qh6 Bg7 15. Qe3 g3 16. Qg5 Qxg5 17. hxg5 a6 18. Kf1 f5 19. gxf6 Bxf6 20. Kg2 Bg5 21. Kxg3 Kg7 22. Rf1 Bf4+ 23. Kg2 Rh8 24. Rxh8 Kxh8 25. Nh3 Bxh3+ 26. Kxh3 Kg7 27. Kg2 1/2-1/2

[Event "Aragon-chT"]
[Site "Aragon"]
[Date "2009.01.24"]
[Round "1"]
[White "Ruiperez, Ramon"]
[Black "Rodriguez Avellanas, Jose Manuel"]
[Result "1-0"]
[WhiteElo "1834"]
[BlackElo "1821"]
[PlyCount "69"]
[EventDate "2009.01.24"]
[EventType "team-swiss"]
[EventRounds "9"]
[EventCountry "ESP"]
[SourceTitle "EXT 2011"]
[Source "ChessBase"]
[SourceDate "2010.11.26"]
[SourceVersion "1"]
[SourceVersionDate "2010.11.26"]
[SourceQuality "1"]

1. e4 c6 2. d4 d5 3. e5 e6 4. Nf3 c5 5. c3 Nc6 6. Bd3 cxd4 7. cxd4 Bb4+ 8. Bd2 Bxd2+ 9. Nbxd2 Qb6 10. 0-0 Nge7 11. Nb3 h6 12. Kh1 a6 13. Rc1 0-0 14. Bb1 g6 15. Qd2 Kg7 16. Rc3 Ng8 17. h4 Nce7 18. Rg1 Qd8 19. g4 b6 20. h5 a5 21. Nh2 Ra7 22. f4 Rc7 23. Rh3 Qe8 24. Nf3 f5 25. gxf5 exf5 26. hxg6 Be6 27. Qh2 Qc8 28. Ng5 Qd7 29. Nh7 Rfc8 30. Nf6 Qb5 31. Nh5+ Kf8 32. g7+ Kf7 33. Nf6 a4 34. Rxh6 Nxh6 35. Qh5+ 1-0

[Event "ESP Autonomico-chT Promocion"]
[Site "Spain"]
[Date "2006.04.29"]
[Round "12.27"]
[White "Forcen Esteban, Daniel"]
[Black "Rodriguez Avellanas, Jose Manuel"]
[Result "1-0"]
[WhiteElo "1954"]
[BlackElo "1823"]
[PlyCount "92"]
[EventDate "2006.04.29"]
[EventType "team"]
[EventRounds "1"]
[EventCountry "ESP"]
[SourceTitle "EXT 2007"]
[Source "ChessBase"]
[SourceDate "2006.11.23"]
[SourceVersion "1"]
[SourceVersionDate "2006.11.23"]
[SourceQuality "1"]

1. e4 e6 2. d3 d5 3. Nd2 Nf6 4. g3 Nc6 5. Bg2 Be7 6. Ngf3 dxe4 7. dxe4 0-0 8. 0-0 e5 9. c3 Be6 10. Qc2 Qc8 11. b4 a6 12. a4 Bd6 13. Rd1 Rd8 14. Nf1 h6 15. Ne3 Ne7 16. Ba3 Ng6 17. h4 c6 18. c4 Qc7 19. c5 Bf8 20. Bb2 a5 21. Rxd8 Rxd8 22. Bc3 axb4 23. Bxb4 b6 24. cxb6 Qxb6 25. Bxf8 Rxf8 26. a5 Qc7 27. Bf1 Ra8 28. Qa4 Nd7 29. a6 Ne7 30. Qa3 Nc8 31. Bc4 Bxc4 32. Nxc4 f6 33. Kg2 Kh7 34. Rb1 Ra7 35. Qd3 Nc5 36. Qe2 Nxa6 37. h5 Nc5 38. Nh4 Ne6 39. Qg4 Nf8 40. Rd1 Ne7 41. Nd6 g6 42. Ne8 Qb8 43. hxg6+ Nfxg6 44. Nxf6+ Kg7 45. Nh5+ Kh7 46. Nxg6 Nxg6 1-0